000 00384nam a22001697a 4500
005 20260413154634.0
008 160627b xxu||||| |||| 00| 0 eng d
020 _a978-0-00-718-160-5
041 _aeng
082 _a813.54
100 _aCrichton, Michael
_92856
245 _aState of Fear
260 _bHarper
300 _a717
650 _aAmerican fiction
_98938
942 _cBK
999 _c4134
_d4133